| 000 | 01072cam a2200325 a 4500 | ||
|---|---|---|---|
| 001 | 43 | ||
| 003 | FISKH | ||
| 005 | 20250408111619.0 | ||
| 008 | 050223s2005 nyu c 000 1 eng | ||
| 010 | _a 2005005022 | ||
| 020 | _a9780439717007 | ||
| 040 |
_aDLC _cDLC _dDLC _beng |
||
| 042 | _alcac | ||
| 050 | 0 | 0 |
_aPZ10.3.M3549 _bDog 2005 |
| 082 | 0 | 0 | _a813.6 |
| 100 | 1 |
_aMartin, Ann M. _d1955- |
|
| 245 | 1 | 2 |
_aA dog's life : _bthe autobiography of a stray / _cby Ann M. Martin. |
| 250 | _a1st ed. | ||
| 260 |
_aNew York : _bScholastic, _c2005. |
||
| 300 |
_a182 pages : _c20 cm. _billustrations ; |
||
| 505 | _aW | ||
| 520 | _aSquirrel, a stray puppy, tells her life story, from her nurturing mother and brother to making her own way in the world, facing busy highways, changing seasons, and humans both gentle and brutal. | ||
| 521 |
_a870
_bL |
||
| 521 |
_aW
_bRaz-Plus |
||
| 650 | 0 |
_aDogs _vJuvenile fiction. |
|
| 650 | 1 |
_aDogs _vFiction. |
|
| 650 | 1 |
_aOrphaned animals _vFiction. |
|
| 906 |
_a7 _bcbc _corignew _d1 _eecip _f20 _gy-gencatlg |
||
| 942 |
_2ddc _cBK _n0 |
||
| 999 |
_c43 _d43 |
||